| 000 | 02418 a2200205 4500 | ||
|---|---|---|---|
| 001 | 14241 | ||
| 005 | 20260407155446.0 | ||
| 008 | 260407a1963 arg spa d | ||
| 003 | AR-UNSa-BCEJYS | ||
| 040 |
_aAR-UNSa-BCEJYS _bspa _cAR-UNSa-BCEJYS |
||
| 080 |
_a347.91 _xProcedimientos civiles particulares (Derecho Procesal Civil) |
||
| 245 | 1 | 0 | _aTratado téorico práctico de derecho procesal civil y comercial |
| 250 | _a2a. ed. | ||
| 264 | 1 |
_aBuenos Aires : _bEDIAR _c1963 |
|
| 300 |
_a7 v. _c22 cm. |
||
| 505 | _aVol. 1: Parte General: 1. Principios generales del derecho procesal - 2. Las fuentes del derecho procesal - 3. La acción - 4. El proceso - 5. Las partes - 6. Pluralidad de procesos - 7. Proceso con pluralidad de partes - 8. Actos jurídicos procesales -- Vol. 2: Organización judicial. Jurisdicción y competencia: 9. Organización judicial - 10. El juez - 11. Auxiliares de la justicia - 12. La jurisdicción - 13. La competencia - 14. Competencia federal -- Vol. 3: Juicio ordinario: 15. Disposiciones preliminares - 16. Demanda - 17. Citación y emplazamiento - 18. Las excepciones - 19. Contestación de la demanda - 20. Prueba - 21. Confesión - 22. Prueba instrumental - 23. Prueba pericial - 24. Prueba testimonial - 25. Inspección ocular - 26. Juramento - 27. Presunciones - 28. Conclusiones de la causa para definitiva -- Vol. 4: Juicio ordinario. Segunda Parte: 29. Sentencia - 30. Recursos - 31. Procedimiento en segunda instancia - 32. Perención de instancia - 33. Desestimiento - 34. Transacción - 35. Incidentes - 36. Costas -- Vol. 5: Ejecución forzada y medidas precautorias: 37. Ejecución procesal forzada - 38. Ejecución de sentencia - 39. Juicio ejecutivo - 40. Juicio de apremio - 41. Medidas precautorias - 42. Tercerias - 43. Juicio ordinario en rebeldia - -- Vol. 6: Juicios especiales: 44. Jactancia - 45. Desalojo - 46. Interdictos - 47. Alimentos y litisexpensas - 48. Interdicción - 48.1 Depósito de personas - 49. Mensura, deslinde y amojamiento - 50. Concurso civil de acreedores - 51. Juicio sucesorio -- Vol. 7: Juicios especiales. Procedimiento ante la Justicia de Paz. Indíces Generales: 52. Juicio arbitral - 53. Jucio pericial - 54. Declaratoria de pobreza - 55. Rendición de cuentas - 56. Información posesoria - 57. Procedimiento en la justicia nacional de paz | ||
| 942 | _cBK | ||
| 590 | _aniveau_biblio:m niveau_hierar:0 | ||
| 100 | 1 | _aAlsina, Hugo | |
| 999 |
_c574 _d574 |
||